000 00311nam a22001217a 4500
008 180606b xxu||||| |||| 00| 0 eng d
041 _aeng
080 _a043.3
100 _a0
101 _aSHKI-MTH
245 _aPërdorimi i internetit në zonat rurale dhe urbane në Kosovë
_cKlinaku,S.B
942 _2udc
_cBK
999 _c46411
_d46411